Esquemas para la tecnificación del trabajo escolar
Gespeichert in:
| Hauptverfasser: | , , |
|---|---|
| Format: | Buch |
| Sprache: | Spanisch |
| Veröffentlicht: |
Santiago
El Imparcial
1954
|
| Schlagworte: | |
| Tags: |
Tag hinzufügen
Keine Tags, Fügen Sie den ersten Tag hinzu!
|
MARC
| LEADER | 00000nam a2200000 a 4500 | ||
|---|---|---|---|
| 001 | UCW6639 | ||
| 003 | CL-VaPUC | ||
| 008 | 920420e19540000CL |||||||||||||||||spa|d | ||
| 082 | 0 | 4 | |a 372.19 |b VAL |2 21 |
| 100 | 0 | |a Valenzuela Moya, Domingo |e author |9 311651 | |
| 700 | 0 | |a Riquelme Salinas, Berta |e author |9 311652 | |
| 700 | |a Gómez Catalán, Luis |e author |9 567708 | ||
| 245 | 1 | 0 | |a Esquemas para la tecnificación del trabajo escolar |
| 300 | |a 62 p | ||
| 942 | |c BK | ||
| 945 | |d 19920420 00:00:00 | ||
| 260 | |a Santiago |b El Imparcial |c 1954 | ||
| 650 | 0 | |a Currículo |9 307290 | |
| 650 | 0 | |a Educación básica |9 224933 | |
| 583 | |a last modification |c 20120606 09:17:51 |k Rodrigo Vera | ||
| 999 | |c 219616 |d 219614 | ||
| 952 | |0 0 |1 0 |4 0 |6 372_190000000000000_VAL_1954 |7 0 |8 P |9 210741 |a BIBEDU |b BIBEDU |c BIBEDU_PB |d 2019-11-15 |i 2789531 |o 372.19 VAL 1954 |p 2789531 |r 2024-01-25 |w 2019-11-15 |y BK |k EDU | ||
| 952 | |0 0 |1 0 |4 0 |6 372_190000000000000_VAL_1954 |7 0 |8 P |9 210742 |a BIBEDU |b BIBEDU |c BIBEDU_PB |d 2019-11-15 |i 278954K |o 372.19 VAL 1954 |p 278954K |r 2024-01-25 |w 2019-11-15 |y BK |k EDU | ||